000 00396nam a22001577a 4500
005 20231208000019.0
008 231207b |||||||| |||| 00| 0 eng d
082 _222
_a305.4.
245 _aWomen's studies international forum.
250 _a1st.
260 _aNew york/
_bElsevier Science LTD.
_c1994.
300 _axxii , 109 p.
500 _aWomen studies.
650 _aSex role.
942 _cL
999 _c160
_d160